Jak na to aneb nejpoužívanějsí operace s texty v editoru T602. /
Uložené v:
| Hlavný autor: | |
|---|---|
| Médium: | Kniha |
| Jazyk: | Czech |
| Vydané: |
Pardubice :
Systemconsult,
1993
|
| Vydanie: | 1. vyd. |
| Edícia: | Chci pracovat s počítačem
|
| Témy: | |
| ISBN: |
8085629054 (brož.) |
| Fyzický popis: |
46 s. |
| Tagy: |
Pridať tag
Žiadne tagy, Buďte prvý kto otaguje tento záznam!
|
Titul je dostupný aj v ... 

MARC
| LEADER | 00000nam a2200000 a 4500 | ||
|---|---|---|---|
| 001 | 000073021 | ||
| 003 | SVKK | ||
| 005 | 20010430000000.0 | ||
| 008 | 000105s1993 cs e czeo | ||
| 020 | |a 8085629054 (brož.) | ||
| 040 | |a SVKKK |b slo |c SVKKK |e AACR2 | ||
| 041 | 0 | |a cze | |
| 044 | |a cs |c CS | ||
| 080 | |a 681.327.1 T602 |2 1997 | ||
| 100 | 1 | |a Kořínek, Martin |4 aut | |
| 245 | 1 | 0 | |a Jak na to aneb nejpoužívanějsí operace s texty v editoru T602. / |c Martin Kořínek |
| 250 | |a 1. vyd. | ||
| 260 | |a Pardubice : |b Systemconsult, |c 1993 | ||
| 300 | |a 46 s. | ||
| 440 | 0 | |a Chci pracovat s počítačem | |
| 653 | 0 | |a T602 (editor text.) |2 SVKKKPH | |
| 653 | 0 | |a editory textové |2 SVKKKPH | |
| 653 | 0 | |a príručky |2 SVKKKPH | |
| 655 | 7 | |a príručky |2 SVKKKPH | |
| 910 | |a svkkk | ||
| 919 | |a 80-85629-05-4 | ||
| 974 | |a MI |d 20000105 | ||
| 974 | |a PA |d 20000105 | ||
| 974 | |a PA |d 20010430 | ||
| 998 | |a BK | ||
| 090 | |g SCKHL |k Sklad Pribinova 2. posch. |a III.162157 |j 869318 |i 2720579138 |s Absenčne | ||
| 090 | |g SCKHL |k Sklad Pribinova 2. posch. |a III.162158 |j 869319 |i 73021-20 |4 Multiplikát |s Vyradená | ||
| 090 | |g SCKHL |k Sklad Pribinova 2. posch. |a III.162159 |j 869320 |i 73021-30 |4 Duplikát |s Vyradená | ||